Statistiques concernant Les 20 sites web les plus visités en france

Cliquez ici pour prendre le quiz!

Statistiques générales

  • Ce quiz a été pris 271 fois
  • Le résultat moyen est 7 sur 20

Statistiques - réponses

classemntvisite/moisRéponse% Correct
2820 millions
Youtube.com
91%
11,9 milliardGoogle.com
90%
5320 millionsGoogle.fr
90%
3560 millionsFacebook.com
76%
6280 millionsAmazon.fr
62%
9145 millionsPornhub.com
54%
11115 millionsYahoo.com
39%
7235 millionsLeboncoin.fr
38%
4410 millionsWikipédia.org
36%
2083 millionsLemonde.fr
18%
15107 millionsCdiscount.com
16%
8210 millionsOrange.fr
15%
13110 millionsLe figaro.com
12%
17103 millionsMétéo france.com
11%
1990 millionsCrédit agricole.fr
4%
14108 millionsOuest-France.com
4%
12111 millionsLive.com
3%
10116 millionsProgramme-TV.net
3%
16105 millionsInstagram.com
2%
1895 millionsFrance TV info.fr
1%

Distribution des résultats

Percentile par nombre de réponses

% des personnes avec chaque résultat

Votre développement - résultats

Vous n’avez pas pris ce quiz